Statistics for African Geography By Letter A - Picture Quiz

Click here to take the quiz!

General Stats

  • This quiz has been taken 762 times
    (564 since last reset)
  • The average score is 11 of 18

Answer Stats

Answer% Correct
Angola
97%
Algeria
94%
Arabic
89%
Alexandria
87%
Apartheid
84%
{Atlas} Range
81%
Antananarivo
73%
Gulf of {Aden}
72%
{Aswan} High Dam
70%
Sable {Antelope}
67%
Addis Ababa
59%
Accra
50%
{Abuja} National Mosque
48%
{Afrikaans} Language Monument
32%
Abu Simbel
25%
Lake {Albert}
25%
Cape {Agulhas}
19%
{Alboran} Sea
15%

Score Distribution

Percentile by Number Answered

Percent of People with Each Score

Your Score History

You have not taken this quiz since the last reset